[Event "WchT 6th"]
[Site "Beersheba"]
[Date "2005.11.01"]
[Round "1.2"]
[White "Sutovsky, Emil"]
[Black "Akopian, Vladimir Eduardovic"]
[Result "1/2-1/2"]
[WhiteElo "2654"]
[BlackElo "2707"]
[Annotator "Erenburg,S"]
[PlyCount "75"]
[EventDate "2005.11.01"]
[EventType "team-tourn"]
[EventRounds "9"]
[EventCountry "ISR"]
[SourceTitle "CBM 110"]
[Source "ChessBase"]
[SourceDate "2006.01.31"]
[SourceVersion "1"]
[SourceVersionDate "2006.01.31"]
[SourceQuality "1"]
[WhiteTeam "Israel"]
[BlackTeam "Armenia"]
[WhiteTeamCountry "ISR"]
[BlackTeamCountry "ARM"]

1. e4 e5 2. Nf3 Nc6 3. Bb5 a6 4. Ba4 Nf6 5. O-O Be7 6. Re1 b5 7. Bb3 O-O 8. a4
b4 {giving up the spot c4 , but, declining the tension on the queenside. Black
has the following alternatives:} (8... Bb7 9. d3 d6 (9... Re8 10. Na3 Bxa3 11.
bxa3 d5 $1 {1-0 Ivanchuk,V-Adams,M/Linares 2002/CBM 088/[Ftacnik] (50)}) 10.
Nbd2 Na5 11. Ba2 c5 12. c3 Qc7 13. Bb1 b4 14. Ba2 Bc8 15. Nc4 Nc6 16. Bg5 Be6
17. Ne3 Rab8 18. Bc4 Qa7 19. Nd2 $14 {1-0 Kobalija,M-Azarov,S/Warsaw 2005/CBM
108 (84)}) (8... d5 $6 $146 9. Bxd5 $1 Nxd5 10. exd5 Nd4 11. Nxd4 exd4 12. axb5
Bb7 13. c4 dxc3 14. dxc3 axb5 15. Rxa8 Bxa8 16. Qd3 Bxd5 17. Qxb5 $16 {1-0 De
Firmian,N-Sokolov,I/Amsterdam 1996/CBM 055/[Wedberg] (40)}) (8... Rb8 9. axb5
axb5 10. h3 d6 11. c3 b4 12. d3 Bd7 13. d4 Ra8 14. Rxa8 Qxa8 15. Bg5 h6 16. Bh4
Rd8 17. Nbd2 Be8 18. Qc2 $14 {0-1 Fedorov,V-Onischuk,A/Germany 1994/GER-chT2 
(99)}) 9. d3 {preparing the square d2 for the queenside knight with the
following occupation of the spot c4. Other attempts to fight for an advantage
are:} (9. d4 d6 (9... Nxd4 10. Nxd4 exd4 11. e5 Ne8 12. Qxd4 Bb7 13. Bf4 $146
c5 14. Qe3 d5 15. exd6 Bxd6 16. Nd2 Qc7 $11 {1/2-1/2 Grischuk,A-Beliavsky,A/
Tripoli (m/1) 2004/ (37)}) 10. dxe5 dxe5 11. Qxd8 Rxd8 12. Bg5 Kf8 13. Bxf6
gxf6 14. Bd5 Bb7 15. Nbd2 Na5 16. Bxb7 Nxb7 $11 {1/2-1/2 Svidler,P-Aronian,L/
ICC INT 2004/CBM 105 (34)}) (9. a5 d5 10. exd5 e4 11. dxc6 exf3 12. Qxf3 Bg4
13. Qd3 Qxd3 14. cxd3 Bc5 15. Bc4 Rfe8 $44 {0-1 Baramidze,D-Graf,A/
Altenkirchen 2005/CBM 106 (24)}) (9. c3 d5 $5 10. exd5 Nxd5 11. Nxe5 Nxe5 12.
Rxe5 c6 13. d4 Bd6 14. Re1 Qh4 15. g3 Qh3 16. Be3 Bg4 17. Qd3 bxc3 $1 $13 {
1-0 Topalov,V-Sokolov,I/Linares 1995/CBM 046/[Topalov] (38)}) 9... d6 {
protecting the e5 pawn, thus, liberating the queenside knight for maneouvres.}
10. a5 $1 {fixing Black's pawn a6, and, robbing the square a5 from Black's
queenside knight.} ({White didn't get anything special after} 10. Nbd2 Na5 11.
Ba2 Be6 12. Bxe6 fxe6 13. c3 bxc3 14. bxc3 Rb8 15. Qe2 Nh5 16. g3 Qe8 17. Ba3
Nb3 18. Ra2 Nxd2 {1/2-1/2 Adams,M-Leko,P/Linares 2005/CBM 106 (18)}) 10... Be6
11. Nbd2 Qc8 $5 {Black transfered his queen to c8, as from that square it gets
a possibility to be transfered to the kingside, as well as to the queenside.
Black has the following alternatives:} (11... Rb8 12. Nc4 h6 13. h3 (13. c3
bxc3 14. bxc3 Nd7 15. Ba4 Na7 16. Be3 Nb5 17. Qc2 f5 18. exf5 Bxf5 19. Ncd2 c5
20. Bb3+ Kh7 21. Ne4 Bg6 22. Ng3 Nc7 23. Qd1 d5 $11 {1-0 Shirov,A-Almasi,Z/
Calvia ESP 2004/The Week in Chess 521 (44)}) 13... Qc8 14. Be3 Rd8 15. Qe2 Bf8
16. Red1 Ne7 17. Nfd2 g6 18. d4 exd4 19. Bxd4 Nh5 20. Nf3 d5 21. exd5 Nxd5 22.
Be5 Nhf4 23. Bxf4 Nxf4 24. Qe4 g5 25. Nce5 Bxb3 26. cxb3 Qe6 27. Qc4 Qxc4 {
1/2-1/2 Lutz,C-Almasi,Z/Germany 2005/CBM 106 (27)}) (11... Bxb3 12. Nxb3 {
Now white is ready to carry out the breakthrough d3-d4 . Therefore, Black
prevents this with} d5 (12... Re8 13. h3 h6 14. Bd2 Bf8 15. Nh2 Nd7 16. Ng4 Nc5
17. Nxc5 dxc5 18. Ne3 Rb8 19. Nc4 Be7 20. Be3 $14 {1-0 Lobron,E-Naiditsch,A/
GMB Wijk aan Zee NED 2004/The Week in Chess 480 (59)}) 13. Bg5 d4 $146 {
The main drawback of this move is that White gets the spot c4 for the knights,
and black remains with his dark-squared bishop, when almost all his pawns are
located on the dark squares...} (13... Rc8 14. Bh4 d4 15. Bxf6 Bxf6 16. Nfd2 g6
17. Nc4 Bg7 18. g3 Rb8 19. Qg4 h5 20. Qh3 Rb5 21. Re2 Nb8 22. Rf1 Nd7 23. Kh1
Nf6 24. f3 {1/2-1/2 Dimitrov,V-Hernandez,H/Vilagarcia de Arousa ESP 2005/The
Week in Chess 554 (24)}) (13... h6 14. Bxf6 Bxf6 15. Nbd2 Re8 16. Qe2 Rb8 17.
exd5 Qxd5 18. Qe4 Rb5 19. Nc4 Rd8 20. b3 Nxa5 21. Nxa5 (21. Ncxe5 $142 {
Erenburg} Re8 22. Qxd5 Rxd5 23. Ng4 $14) 21... Rxa5 22. Qxb4 Rxa1 23. Rxa1 Qc6
24. Ne1 e4 $15 {1-0 Grischuk,A-Tkachiev,V/Prague 2002/CBM 089 (50)}) (13... Re8
14. Qe2 h6 15. Bxf6 Bxf6 16. exd5 Qxd5 17. Qe4 Rad8 18. Nfd2 g6 19. Qxd5 Rxd5
20. Re4 Bg5 21. Rc4 Nxa5 22. Rxa5 Rxa5 23. Nxa5 Bxd2 24. Nb3 Bg5 25. Rxb4 $14 {
1-0 Grischuk,A-Tkachiev,V/Prague 2002/CBM 089 (54)}) ({Black doesn't equalize
after} 13... dxe4 14. Bxf6 (14. dxe4 Qxd1 15. Raxd1 Rfd8 16. Bxf6 Bxf6 17. Rd5
$14) 14... exf3 15. Bxe7 Qxe7 16. Qxf3 Qd6 17. Re4 $14) 14. Bxf6 $1 {A great
strategical decision. Now Black will face serious problems with his
dark-squared bishop.} Bxf6 15. Nfd2 {transfering the knight to c4.} g6 16. Nc4
Rb8 {Black transfers the rook to b5 in order to cover the 5-th rank' squares,
including the spot c5.} 17. f4 $1 {White cannot lose the time:} exf4 {Black
has to take on f4, otherwise White will continue to push his kingside pawns
forward:} (17... Rb5 18. f5 $36 {[%cal Yd1g4,Ye1f1]}) 18. e5 {Emil sacrificed
the pawn, but he got many positional pluses, like the long diagonal (f3-a8)
for the queen, the spot e4 for the rook, and the strong e5 pawn.} Bh4 19. Re4
$44 {1-0 Sutovsky,E-Hracek,Z/Gothenburg 2005/CBM 109_01/[Erenburg] (69)}) 12.
Nc4 ({Akopian himself prefered} 12. Bc4 {with the idea to force Black to take
on c4 after White's Ng5.} h6 13. h3 Re8 14. b3 Bf8 15. Bb2 Qd7 16. Qe2 Bxc4 17.
Nxc4 g6 18. Nh2 Bg7 19. Ng4 Nh7 20. Nge3 $14 {1-0 Akopian,V-Svidler,P/GMA,
Wijk aan Zee NED 2004 (48)}) 12... h6 {covering the g5 square.} 13. c3 {
starting to build a strong centre.} bxc3 {Black decides to exchange the
b-pawns to open the b-file for the queenside rook.} (13... Rb8 14. d4 Bg4 15.
Ba4 Qb7 16. d5 Na7 17. Ne3 Bc8 18. Qd3 Ng4 19. c4 Nxe3 20. Bxe3 c5 21. dxc6
Nxc6 22. Qd5 $14 {1/2-1/2 Leko,P-Svidler,P/San Luis ARG 2005/The Week in Chess
570 (36)}) 14. bxc3 Rb8 15. Ba3 {emphasizing the background of Black's capture
on c3.} Qd8 $146 {protecting the dark-squared bishop, thus, intending to
transfer the queenside knight to b5 via a7.} ({A few days later black continued
} 15... Rd8 {, but, anyway, White has got some advantage:} 16. Qc2 Bf8 17. Nfd2
Na7 18. Ne3 Bxb3 19. Nxb3 Qd7 20. Nd2 Rb5 21. d4 Rdb8 (21... Rxa5 22. Ndc4 Rb5
23. dxe5 dxe5 24. Red1 Qc8 25. Rxd8 Qxd8 26. Bxf8 Qxf8 27. Rxa6 $16) 22. c4
R5b7 23. dxe5 dxe5 24. Nd5 $14 {1-0 Kasimdzhanov,R-Sargissian,G/BL 0506 SV
Wattenscheid - Godesberger S 2005 (55)}) (15... Na7 $2 {is met by} 16. Nfxe5
$16) 16. Nfd2 {protecting the light-squared bishop.} (16. d4 $2 {is refuted by}
Rxb3 $1 17. Qxb3 Nxa5 $19) 16... Na7 17. d4 Nb5 18. Bb2 c6 {preparing to
attack White's centre with d6-d5 after the capture on d4.} (18... exd4 19. cxd4
d5 20. Ne5 $36) 19. Nb6 ({Worth considering is:} 19. Rb1 $5 exd4 20. cxd4 d5
21. Ne5 Qd6 22. Rc1 Rfc8 23. Qc2 $14) 19... exd4 20. cxd4 d5 21. e5 Nd7 22. Bc2
{Black's pawn h6 compromises black's monarch position on the kingside very
much. White's plan is to build an unpleasant battery B+Q for Black along the
diagonal b1-h7.} (22. Nxd7 Qxd7 23. Bc2 Bg4 $15 {[%cal Yg4f5]}) 22... c5 $6 {
Probably not the best continuation. The following two ones lead to an unclear
position:} (22... Nxb6 23. axb6 Bb4 (23... Qxb6 24. Nb3 {[%cal Yd1d3]} Bb4 25.
Qd3 $44) 24. Rxa6 (24. Qf3 Rxb6 25. Qd3 g6 $17) 24... Rxb6 25. Ra4 $13) (22...
Bb4 $5 {[%cal Gd7b6,Yb4e1,Gb5c3]} 23. Nxd7 Qxd7 24. Qf3 $1 {[%cal Yf3d3]} f5
$13) 23. dxc5 Nxc5 (23... Bxc5 24. Nxd7 Qxd7 25. Nb3 $16 {[%cal Ob3c5,Cc5b4,
Cb4e1,Gd1d3]}) 24. Nb3 {intending to change Black's active knight.} Ne4 25. Qd3
g6 {covering the b1-h7 diagonal.} 26. Nd4 $6 {allows Black to get counterplay.}
({Better was} 26. Qe3 $1 {[%cal Ya1d1]} Bg5 27. f4 Bh4 28. Rf1 $16) 26... Bc5
$1 {After Black has succeeded to activate his dark-squared bishop, his chances
to equalize become much better.} 27. Nxe6 $5 {An interesting and nice decision.
But, probably, again not the best one...} (27. f3 Bf5 28. Qe3 (28. fxe4 Nxd4
$17) 28... Nec3 29. Bxc3 Bxc2 30. Rec1 Qh4 31. f4 Be4 32. Nd7 Rbc8 33. Bb2 Nxd4
34. Bxd4 Bxd4 35. Qxd4 Qxf4 36. Rf1 Qg5 37. Nf6+ Kh8 38. Nxe4 dxe4 $11) ({
More promising was} 27. Re2 Qh4 (27... Bxb6 28. axb6 Qxb6 29. Qe3 $16) 28. Rd1
$14) 27... fxe6 28. Rxe4 dxe4 29. Qxe4 Bxf2+ 30. Kh1 Qe8 $1 {Unfortunately,
this move parries White's attack.} 31. Qg4 Kg7 {protecting the g6 pawn.} (31...
g5 {anyway leads to a draw:} 32. Qh3 (32. Qe4 Qf7 33. Rf1 Qg7 34. Qc6 Nd4 35.
Bxd4 Bxd4 36. Qxe6+ Kh8 $17) 32... Bxb6 33. axb6 (33. Qxh6 Qf7 34. Qxg5+ Qg7
35. Qxg7+ Kxg7 36. axb6 Rf2 $17) 33... Rf2 34. Qxh6 Qf7 35. Bd3 Rxb2 36. Rf1
Rf2 37. Qxg5+ Kf8 38. Qh6+ Kg8 (38... Ke8 39. Rc1 {[%cal Gd3g6]} Qf4 40. Bg6+
Ke7 41. Qg7+ Kd8 42. Qg8+ Ke7 $11) (38... Ke7 39. Qh4+ $18) 39. Qg5+ $11) ({
Deserves attention:} 31... Kh8 $5 32. Nc4 $1 {[%cal Ch6h5,Ch5g4,Oc2g6]} (32.
Bxg6 Rg8 $17) 32... Bc5 33. Rc1 (33. Nd6 Nxd6 34. exd6+ Rxb2 $19) 33... Kg7 34.
h4 $13) 32. Nd7 $1 {distracting the queen from protecting the g6 pawn.} Qxd7 (
32... h5 33. Qe4 Qxd7 34. Qxg6+ $11) 33. Qxg6+ Kh8 34. Qxh6+ Kg8 35. Qg6+ Kh8
36. Qh6+ Kg8 37. Qg6+ Kh8 (37... Qg7 {doesn't change the evaluation of the
position.} 38. Qxe6+ Rf7 39. Bg6 Nc7 40. Bxf7+ Qxf7 41. Qg4+ Qg7 42. Qc4+ Qf7
43. Qg4+ $11) 38. Qh6+ 1/2-1/2

[Event "Taastrup"]
[Site "Taastrup"]
[Date "1992.??.??"]
[Round "?"]
[White "Romanishin, Oleg M"]
[Black "Hector, Jonny"]
[Result "1/2-1/2"]
[WhiteElo "2595"]
[BlackElo "2535"]
[Annotator "Ernst,T"]
[PlyCount "106"]
[EventDate "1992.02.??"]
[EventType "tourn"]
[EventRounds "9"]
[EventCountry "DEN"]
[EventCategory "13"]
[SourceTitle "CBM 028"]
[Source "ChessBase"]
[SourceDate "1992.06.01"]
[SourceVersion "1"]
[SourceVersionDate "1992.06.01"]
[SourceQuality "1"]

1. e4 e5 2. Nf3 Nc6 3. Bb5 a6 4. Ba4 Nf6 5. O-O Be7 6. Re1 b5 7. Bb3 Bb7 8. d4
(8. c3 d5 9. exd5 Nxd5 10. Nxe5 Nxe5 11. Rxe5 Nf4 12. d4 Nxg2 13. Qe2 $14 {
Jovcic - Trajkovic, Fernpartie 1967}) 8... Nxd4 9. Nxd4 exd4 10. e5 Nd5 11. Qf3
c6 12. c3 (12. Bxd5 cxd5 13. Qg4 Qb6 14. Nd2 Qg6 15. Qxg6 hxg6 16. Nf3 $14 {
Watson - Hector, London 1991.}) 12... dxc3 13. Nxc3 O-O 14. Nxd5 cxd5 15. Bxd5
Bxd5 16. Qxd5 d6 17. e6 Bf6 $1 18. Bd2 Rc8 19. Bb4 fxe6 20. Rxe6 Kh8 21. Rxd6
Bxb2 $1 {Sehr schön, auf 22.Txd8 folgt Tfxd8 und gewinnt.} 22. Rf1 Qh4 23. Qd2
$1 (23. Rxa6 $4 Qxf2+ $3 $19) 23... Bc1 24. Qe1 Qc4 25. Re6 (25. Rxa6 $2 Rfe8
$17) 25... Rg8 26. a3 a5 $8 27. Re4 Qd3 28. Bxa5 Qxa3 $14 29. Qb4 Qd3 30. Rd4
Qf5 31. Qb3 Rc5 32. Bb4 Rc6 33. g3 Qc8 34. Qd5 Bb2 35. Rd2 Bf6 36. Qxb5 Rc1 37.
Rdd1 Rxd1 38. Rxd1 Qg4 39. Rf1 Bd4 40. Bd2 Qf3 41. Qc4 Bf6 42. Re1 Rd8 43. Qe4
Qxe4 44. Rxe4 Kg8 45. Be3 h5 46. Kg2 Kf7 47. h4 Rd5 48. Rc4 Kg6 49. Rc6 Kf5 50.
Kf3 Rb5 51. Rc8 Ra5 52. Rh8 Kg6 53. Kg2 Rd5 1/2-1/2

[Event "Interzonal-14a"]
[Site "Subotica"]
[Date "1987.??.??"]
[Round "5"]
[White "Zapata, Alonso"]
[Black "Rodriguez Cespedes, Amador"]
[Result "1-0"]
[WhiteElo "2505"]
[BlackElo "2495"]
[Annotator "Ernst,T"]
[PlyCount "97"]
[EventDate "1987.06.??"]
[EventType "tourn"]
[EventRounds "17"]
[EventCountry "YUG"]
[EventCategory "11"]
[SourceTitle "CBM 003"]
[Source "ChessBase"]
[SourceDate "1988.04.01"]
[SourceVersion "1"]
[SourceVersionDate "1988.04.01"]
[SourceQuality "1"]

1. e4 e5 2. Nf3 Nc6 3. Bb5 a6 4. Ba4 Nf6 5. O-O Be7 6. Re1 b5 7. Bb3 O-O 8. a4
Bb7 9. d3 Re8 10. Bg5 $5 (10. c3) (10. Ng5) 10... d6 (10... h6 11. Bxf6 Bxf6
12. Nc3 Nd4 (12... b4 13. Nd5) (12... Na5 13. Ba2 b4 14. Nd5 c5 15. c3 $16) 13.
Nxd4 exd4 14. Nd5 $14) 11. Nc3 b4 12. Ne2 h6 (12... Na5 13. Ba2 c5 14. Ng3 $14)
13. Bxf6 Bxf6 14. a5 $1 Ne7 (14... Rb8 $5) 15. Ng3 c5 (15... d5 $2 16. Nh5 $16)
16. c3 (16. Qb1 $5 {/\ Qa2 >< f7}) 16... bxc3 17. bxc3 Rb8 18. Qc2 g6 19. Qa2
$16 {/^ a2-g8} Rf8 (19... d5 $5 20. Rab1 $16) 20. Nf1 $5 {/\ Ne3, >< d5} Kg7 (
20... d5 21. Rab1 $16 (21. Ne3 $5 dxe4 22. dxe4 Bxe4 23. Ng4 Bxf3 24. gxf3 (24.
Nxf6+ $2 Kg7 25. Rxe5 Kxf6 $1 26. Rae1 Nc6 27. Rxc5 Qd6 28. Qa3 Kg7 $19) 24...
Bg7 (24... Nf5 25. Rad1 Qe7 26. f4 $16 e4 $4 27. Rxe4 $18) 25. Nxe5 Bxe5 26.
Rxe5 Nf5 27. Rae1 $14)) 21. Ne3 Bg5 22. Nc4 f5 23. Nb6 Bf6 24. Be6 Bc6 25. Rab1
Qc7 26. Nd2 Bh4 27. Nf3 Bf6 28. Nd2 Bh4 29. Re2 h5 30. Nf3 Bf6 31. Rbb2 Rb7 32.
Bc4 Ra7 33. h3 f4 34. Be6 {>< g4} g5 35. Re1 Bb5 36. Qb1 {/\ Qc2-e2, >< h5} Rh8
37. Qc2 Rb8 38. Reb1 Bc6 39. Qe2 Kh6 40. Nd2 Kg6 41. Ndc4 (41. Nd5 $142 Bxd5
42. Bf5+ Nxf5 43. exf5+ Kxf5 44. Rxb8 $18) 41... Rab7 42. Na3 {>< b5} Rf8 43.
Nbc4 Rxb2 44. Rxb2 (44. Qxb2 d5) 44... Rb8 (44... d5 $4 45. exd5 $18) 45. Rxb8
Qxb8 46. Nb6 {/\ Qa2+-} Be8 47. Qa2 Nc6 48. Nac4 {/\ 49.Bc8 >< a6, 49.Nc8 >< d6
} Bd8 49. Bd7 $1 (49. Bd7 $1 Bxd7 (49... Bxb6 50. Bxe8+ Qxe8 51. axb6 $18) (
49... Bc7 50. Nxe5+ $1 Nxe5 51. Qg8+ Kh6 (51... Kf6 52. Nd5#) 52. Qh8+ Kg6 53.
Bxe8+ $18) 50. Nxd7 Qc7 51. Ncb6 $18 {/\Qe6,Nd5}) 1-0

[Event "GBR-ch 105th"]
[Site "Hull"]
[Date "2018.08.03"]
[Round "7"]
[White "Jones, Gawain C B"]
[Black "Adams, Michael"]
[Result "0-1"]
[WhiteElo "2670"]
[BlackElo "2706"]
[Annotator "Fernandez,D"]
[PlyCount "116"]
[EventDate "2018.07.28"]
[EventType "swiss"]
[EventRounds "9"]
[EventCountry "ENG"]
[SourceTitle "CBM 186"]
[Source "ChessBase"]
[SourceDate "2018.09.14"]
[SourceVersion "1"]
[SourceVersionDate "2018.09.14"]
[SourceQuality "1"]

1. e4 e5 2. Nf3 Nc6 3. Bb5 a6 4. Ba4 Nf6 5. O-O Be7 6. Re1 b5 7. Bb3 O-O 8. a4
{There won't be a Marshall today.} b4 (8... Rb8 {is a concession, but it gets
an unfairly bad reputation.} 9. axb5 axb5 10. c3 d6 11. d4 {for instance and
now Black can consider ...Rb6-a6 with decent equalising chances.}) (8... Bb7 {
is possible, and now the interest in} 9. d3 d6 10. Nc3 $5 {may have been
sparked by... Caruana,F-Adams,M Gibraltar 2007 (!)}) (8... Na5 9. axb5 Nxb3 10.
cxb3 d5 $14 {is not stupid, but Black doesn't quite get enough compensation
against good play.}) 9. d4 d6 10. dxe5 {Trying to play 'safely but for a win',
but as every Russian schoolboy knows, there is play in even the driest of
endgames.} Nxe5 11. Nxe5 dxe5 12. Qxd8 (12. Qe2 {was an equally unsuccessful
earlier experiment.} a5 13. Bg5 Ba6 14. Qf3 h6 15. Rd1 $2 (15. Be3 Bd6 16. Nd2
Qe7 $11) 15... hxg5 $1 16. Rxd8 Raxd8 $15 {Giri,A-Aronian,L Leuven 2018; Black
was superbly co-ordinated and had great play for the material.}) 12... Rxd8 13.
Nd2 Bc5 14. Nf3 Bb7 {A novelty as far as I can see, but presumably one Jones
prepared against.} (14... Ng4 {is absolutely the most natural move for me.} 15.
Be3 Bxe3 16. fxe3 Rd6 17. Rad1 Be6 18. Bxe6 Rxe6 $11 {Robson,R-So,W Saint
Louis 2018}) (14... Re8 15. Be3 Bxe3 16. Rxe3 Be6 $11) 15. Nxe5 Nxe4 16. Kf1 (
16. Be3 $5 Bd5 17. Bxd5 Rxd5 18. Nc6 {could be something, because the b4-pawn
is loose.}) 16... Kf8 $1 17. a5 Bd4 $6 {This could be inaccurate.} (17... Nd2+
{Once more, Adams rejects winning the bishop pair, probably because for a
human it is not immediately obvious that the rook doesn't get trapped:} 18.
Bxd2 Rxd2 19. Nd3 Ba7 $11 {however nothing quite works and Black is simply
level here.}) 18. Nxf7 Rd7 19. Ng5 $1 Nxg5 20. Bxg5 Bxb2 21. Rad1 (21. Be3 $1
Bxa1 (21... Bd4 22. Bxd4 Rxd4 23. Re5 $16) 22. Bc5+ Rd6 23. Rxa1 {seems to be
a definite plus for White, because all of Black's pawns on the queenside will
be weak.}) 21... Rxd1 22. Rxd1 Bc6 $1 {Now Black gets back into the battle for
supremacy.} 23. Bf4 Bb5+ 24. Kg1 Rc8 {Bd6 would have been a big check.} 25. Rd5
Bf6 26. Rh5 h6 27. Rf5 Ke8 28. Rc5 (28. Bxh6 c5 $17) 28... Rd8 $15 (28... c6 {
followed by ...Bd8 is the machine idea, because it is confident White can't
land a meaningful Re5+.}) 29. h3 c6 30. Rf5 Bd4 31. Bc7 (31. Be5 {was White's
chance to be only slightly worse, but the keyboard warriors saying Gawain lost
his way completely here have it wrong, because it's not obvious that after} g6
32. Rf6 Bxe5 33. Re6+ Kf8 34. Rxe5 Rd1+ 35. Kh2 Ra1 $15 {White doesn't simply
lose the pawn in almost as bad a way as in the game.}) 31... Rd7 32. Bb6 Bxb6
33. axb6 Rb7 $19 {The position could now already be technically lost. Better
analysts than me will unpick what follows, but I deem it appropriate to stop
commentary here.} 34. c4 bxc3 35. Rc5 Rxb6 36. Rxc3 a5 37. f4 a4 38. Ba2 Rb7
39. f5 Rd7 40. Rg3 Kf8 41. f6 gxf6 42. Rg8+ Ke7 43. Rg7+ Kd8 44. Rg6 Rd2 45.
Bg8 a3 46. Rxf6 a2 47. Bxa2 Rxa2 48. Rxh6 c5 49. Rh5 Rc2 50. h4 Ke7 51. g4 Bd3
52. Rd5 c4 53. h5 Ke6 54. Rc5 Kd6 55. Rc8 Ke5 56. Re8+ Kf4 57. h6 Kg5 58. Rh8
Kg6 0-1

[Event "Morelia/Linares 23rd"]
[Site "Morelia/Linares"]
[Date "2006.02.22"]
[Round "4"]
[White "Leko, Peter"]
[Black "Ivanchuk, Vassily"]
[Result "1-0"]
[WhiteElo "2740"]
[BlackElo "2729"]
[Annotator "Finkel,A"]
[PlyCount "77"]
[EventDate "2006.02.18"]
[EventType "tourn"]
[EventRounds "14"]
[EventCountry "ESP"]
[EventCategory "20"]
[SourceTitle "CBM 112"]
[Source "ChessBase"]
[SourceDate "2006.06.07"]
[SourceVersion "1"]
[SourceVersionDate "2006.06.07"]
[SourceQuality "1"]

1. e4 e5 2. Nf3 Nc6 3. Bb5 a6 4. Ba4 Nf6 5. O-O Be7 6. Re1 b5 7. Bb3 O-O 8. a4
Bb7 9. d3 d6 10. Nbd2 Na5 11. Ba2 c5 12. Nf1 Bc8 {This manoeuvre has become
very popular lately.} 13. c3 (13. Bg5 Be6 14. Ne3 b4 15. Nh4 Bxa2 16. Rxa2 h6
17. Bxf6 Bxf6 18. Nhf5 $14 {Shakhov,A-Frolov,D/St Petersburg 1998}) (13. axb5
axb5 14. Bd2 Bg4 $6 15. Ne3 Bxf3 16. Qxf3 Nc6 17. c3 g6 18. Nd5 Nh5 19. Bh6 Ng7
20. Nxe7+ Qxe7 21. Bd5 $16 {Rey,F-Maciel,J/Villa Ballester 2003}) 13... Bd7 14.
Ne3 Qc7 (14... bxa4 $5 {deserved attention:} 15. Nd2 Rb8 16. Bb1 (16. Ndc4 Nb3
17. Bxb3 Rxb3 18. Nf5 Ne8 $13) 16... Nb3 17. Ra3 (17. Nxb3 axb3 18. Rxa6 Qc7
$13 {[%cal Gc7b7,Gb8a8]}) 17... Nxc1 18. Qxc1 Nh5 19. Bc2 Qe8 $132) 15. axb5
axb5 16. b4 Nb7 $6 {[%csl Rb7] The knight is too passive on b7, so it looks
better to put it on c6.} (16... cxb4 17. cxb4 Nc6 18. Bd2 Be6 19. Bxe6 fxe6 20.
Qb3 Qd7 $11) 17. Bd2 Nd8 18. Bb3 Rxa1 19. Qxa1 Re8 ({After} 19... cxb4 20. cxb4
Be6 21. Rc1 Qd7 22. Qa2 $14 {Black is also deprived of active counterplay.})
20. bxc5 Qxc5 {Black is forced to take with the queen as after} (20... dxc5 21.
c4 $1 {[%csl Re5]} Bd6 22. Ba5 $1 (22. cxb5 Bxb5 23. Ba4 $14) 22... Qb8 23.
cxb5 Bxb5 24. Rb1 $1 $16 {[%csl Rf7][%cal Gb1b8] White has full control.}) 21.
Qa2 h6 22. h3 Ne6 23. Nd5 Nxd5 24. Bxd5 Qc8 (24... Rf8) 25. d4 Bf6 26. Qb3 Bc6
$6 (26... Qa6 27. Be3 Qa5 $14 {[%csl Rc3][%cal Ge8c8]}) 27. Qb4 $1 $16 {
Threatening to take on c6.} (27. Bxc6 $6 Qxc6 28. d5 Nc5 29. dxc6 Nxb3 30. Be3
Rc8 31. Rb1 Na5 $11) 27... exd4 28. cxd4 Bxd5 29. exd5 Ng5 (29... Nc7 $5 30.
Rxe8+ Qxe8 31. Qxd6 Qd8 32. Qxd8+ Bxd8 33. Ba5 Kf8 34. Ne5 Ke8 35. Nc6 b4 $16)
30. Rxe8+ Qxe8 31. Bxg5 hxg5 32. Qxd6 Qe2 33. Qc5 (33. Qb8+ Kh7 34. d6 Bxd4 35.
d7 Qxf2+ 36. Kh2 Bb6 37. Nxg5+ Kg6 38. Nf3 $18) 33... Qc4 $6 (33... Qb2 {
would have left some survival chances .} 34. Qc8+ Kh7 35. d6 b4 36. Qf5+ Kg8
37. Kh2 $16) 34. Qxc4 bxc4 35. Kf1 $18 Kf8 36. d6 $1 {Black's king can't
approach the pawn, so the endgame is lost for Black.} Ke8 37. Ne5 Bxe5 38. dxe5
Kd7 39. g3 1-0